Теория прочности и критерии разрушения: учебное пособие
| Institution som forfatter: | |
|---|---|
| Andre forfattere: | , , , , |
| Summary: | Заглавие с титульного экрана Электронная версия печатной публикации Пособие содержит материалы, представляющие обзор энергетических теорий прочности, критериев разрушения в линейной механике разрушения, механике рассеянных повреждений, которые могут быть применены к горным породам для описания их поведения в плоском и объемном напряженном состоянии. Предназначено для студентов горных специальностей. Режим доступа: из корпоративной сети ТПУ |
| Sprog: | russisk |
| Udgivet: |
Томск, Изд-во ТПУ, 2013
|
| Fag: | |
| Online adgang: | http://www.lib.tpu.ru/fulltext2/m/2013/m297.pdf |
| Format: | MixedMaterials Electronisk Bog |
| KOHA link: | https://koha.lib.tpu.ru/cgi-bin/koha/opac-detail.pl?biblionumber=246512 |
MARC
| LEADER | 00000nlm0a2200000 4500 | ||
|---|---|---|---|
| 001 | 246512 | ||
| 005 | 20231101232219.0 | ||
| 035 | |a (RuTPU)RU\TPU\book\267963 | ||
| 090 | |a 246512 | ||
| 100 | |a 20131205d2013 m y0rusy50 ca | ||
| 101 | 0 | |a rus | |
| 102 | |a RU | ||
| 105 | |a a j 001zy | ||
| 135 | |a drcn ---uucaa | ||
| 181 | 0 | |a i | |
| 182 | 0 | |a b | |
| 200 | 1 | |a Теория прочности и критерии разрушения |b Электронный ресурс |e учебное пособие |f Е. К. Соколова [и др.] |g Национальный исследовательский Томский политехнический университет (ТПУ), Юргинский технологический институт (филиал) (ЮТИ), Кафедра горно-шахтного оборудования (ГШО) | |
| 203 | |a Текст |c электронный | ||
| 210 | |a Томск |c Изд-во ТПУ |d 2013 | ||
| 230 | |a 1 компьютерный файл (pdf; 1.4 MB) | ||
| 300 | |a Заглавие с титульного экрана | ||
| 300 | |a Электронная версия печатной публикации | ||
| 330 | |a Пособие содержит материалы, представляющие обзор энергетических теорий прочности, критериев разрушения в линейной механике разрушения, механике рассеянных повреждений, которые могут быть применены к горным породам для описания их поведения в плоском и объемном напряженном состоянии. Предназначено для студентов горных специальностей. | ||
| 333 | |a Режим доступа: из корпоративной сети ТПУ | ||
| 606 | 1 | |a Прочность, теория |2 stltpush |3 (RuTPU)RU\TPU\subj\53055 |9 71407 | |
| 606 | 1 | |a Механика разрушения |2 stltpush |3 (RuTPU)RU\TPU\subj\66126 |9 82355 | |
| 610 | 1 | |a электронный ресурс | |
| 610 | 1 | |a учебные пособия | |
| 610 | 1 | |a труды учёных ТПУ | |
| 610 | 1 | |a энергетические теории прочности | |
| 610 | 1 | |a механика | |
| 610 | 1 | |a рассеянные повреждения | |
| 610 | 1 | |a линейная механика | |
| 610 | 1 | |a разрушения | |
| 610 | 1 | |a горные породы | |
| 610 | 1 | |a плоское напряженное состояние | |
| 610 | 1 | |a объемное напряженное состояние | |
| 610 | 1 | |a линейные деформации | |
| 610 | 1 | |a нормальные напряжения | |
| 610 | 1 | |a касательные напряжения | |
| 610 | 1 | |a прочность | |
| 610 | 1 | |a критерии | |
| 610 | 1 | |a кинетическая теория | |
| 610 | 1 | |a вязкое разрушение | |
| 610 | 1 | |a инвариантные интегралы | |
| 610 | 1 | |a хрупкое разрушение | |
| 675 | |a 539.4(075.8) |v 3 | ||
| 701 | 1 | |a Соколова |b Е. К. |g Евгения Кузьминична | |
| 701 | 1 | |a Хорешок |b А. А. |c геолог |c профессор Томского политехнического университета, доктор технических наук |f 1951- |g Алексей Алексеевич |2 stltpush |3 (RuTPU)RU\TPU\pers\31596 | |
| 701 | 1 | |a Герике |b Б. Л. |g Борис Людвигович | |
| 701 | 1 | |a Герике |b П. Б. |g Павел Борисович | |
| 701 | 1 | |a Аксёнов |b В. В. |c российский учёный в области горно-шахтного оборудования |c профессор Юргинского технологического института (филиал) Томского политехнического университета |g Владимир Валерьевич |2 stltpush |3 (RuTPU)RU\TPU\pers\26165 | |
| 712 | 0 | 2 | |a Национальный исследовательский Томский политехнический университет (ТПУ) |b Юргинский технологический институт (филиал) (ЮТИ) |b Кафедра горно-шахтного оборудования (ГШО) |h 2088 |2 stltpush |3 (RuTPU)RU\TPU\col\18984 |
| 801 | 1 | |a RU |b 63413507 |c 20131205 | |
| 801 | 2 | |a RU |b 63413507 |c 20170118 |g RCR | |
| 856 | 4 | |u http://www.lib.tpu.ru/fulltext2/m/2013/m297.pdf | |
| 900 | |a Теория прочности | ||
| 900 | |a Специальные главы прочности | ||
| 942 | |c CF | ||